<?xml version="1.0" encoding="UTF-8"?>
<record
    xmlns:xsi="http://www.w3.org/2001/XMLSchema-instance"
    xsi:schemaLocation="http://www.loc.gov/MARC21/slim http://www.loc.gov/standards/marcxml/schema/MARC21slim.xsd"
    xmlns="http://www.loc.gov/MARC21/slim">

  <leader>02716cam a2200349 a 4500</leader>
  <controlfield tag="003">EG-GiCUC</controlfield>
  <controlfield tag="005">20250223032326.0</controlfield>
  <controlfield tag="008">190713s2018    ua dho f m    000 0 eng d</controlfield>
  <datafield tag="040" ind1=" " ind2=" ">
    <subfield code="a">EG-GiCUC</subfield>
    <subfield code="b">eng</subfield>
    <subfield code="c">EG-GiCUC</subfield>
  </datafield>
  <datafield tag="041" ind1="0" ind2=" ">
    <subfield code="a">eng</subfield>
  </datafield>
  <datafield tag="049" ind1=" " ind2=" ">
    <subfield code="a">Deposite</subfield>
  </datafield>
  <datafield tag="097" ind1=" " ind2=" ">
    <subfield code="a">M.Sc </subfield>
  </datafield>
  <datafield tag="099" ind1=" " ind2=" ">
    <subfield code="a">Cai01.24.12.M.Sc.2018.Eb.E</subfield>
  </datafield>
  <datafield tag="100" ind1="0" ind2=" ">
    <subfield code="a">Ebtesam Abdalla Elsaid Abdelatief</subfield>
  </datafield>
  <datafield tag="245" ind1="1" ind2="4">
    <subfield code="a">The effect of temperature on the performance of rare-earth laser crystals / </subfield>
    <subfield code="c">Ebtesam Abdalla Elsaid Abdelatief ; Supervised Mohamed Atta Abdelhaliem , Gamal Ezzat Khalill , Ayman Aboelmagd</subfield>
  </datafield>
  <datafield tag="246" ind1="1" ind2="5">
    <subfield code="a">&#x62A;&#x623;&#x62B;&#x64A;&#x631; &#x62F;&#x631;&#x62C;&#x629; &#x627;&#x644;&#x62D;&#x631;&#x627;&#x631;&#x629; &#x639;&#x644;&#x649; &#x623;&#x62F;&#x627;&#x621; &#x644;&#x64A;&#x632;&#x631; &#x627;&#x644;&#x628;&#x644;&#x648;&#x631;&#x627;&#x62A; &#x627;&#x644;&#x645;&#x637;&#x639;&#x645; &#x628;&#x627;&#x644;&#x639;&#x646;&#x627;&#x635;&#x631; &#x627;&#x644;&#x627;&#x631;&#x636;&#x64A;&#x629;</subfield>
  </datafield>
  <datafield tag="260" ind1=" " ind2=" ">
    <subfield code="a">Cairo : </subfield>
    <subfield code="b">Ebtesam Abdalla Elsaid Abdelatief , </subfield>
    <subfield code="c">2018</subfield>
  </datafield>
  <datafield tag="300" ind1=" " ind2=" ">
    <subfield code="a">63 P. : </subfield>
    <subfield code="b">charts , facsimiles ; </subfield>
    <subfield code="c">25cm </subfield>
  </datafield>
  <datafield tag="502" ind1=" " ind2=" ">
    <subfield code="a">Thesis (M.Sc.) - Cairo University - National Institute of Laser - Department of Laser Sciences Interaction</subfield>
  </datafield>
  <datafield tag="520" ind1=" " ind2=" ">
    <subfield code="a">Aim of work: studying the some optical properties of Nd-YAG laser beam after and before heating . We started our study with investigation of the absorption of our crystal at room temperature. We used a compact Nd:YAG laser crystal in our laser system which consists of(pumping diode laser, collimating lens, dichroic mirror, Nd:YAG crystal, saturable absorber, Q-switching, KTP crystal, infrared filter,output coupler mirror, heater, power meter and spectrometer). Measurements were carried out for power and intensity of the emitted laser beam together with the input power. The spectrum and the power of the diode excitation source have been examined before carrying out the experiment. Temperature effect was examined using a small oven for heating the laser Nd: YAG laser compact system using high accuracy temperature controller. We measured the output laser power and spectrum profile of laser wavelength at532 nm and 536.1 nm "the second harmonic of 1064nm of Nd :YAG laser crystal at different temperatures"30- 65c".A relation we have obtained between temperature and laser power which reveals that we had an optimum output laser power at "35and 40c".The optimum spectrum was found at the same pervious degrees. We obtained the laser efficiency at different temperatures. the line width at half maximum changed from 2.6 nm to 3.6 nm</subfield>
  </datafield>
  <datafield tag="530" ind1=" " ind2=" ">
    <subfield code="a">Issued also as CD</subfield>
  </datafield>
  <datafield tag="653" ind1=" " ind2="4">
    <subfield code="a">Laser crystals </subfield>
  </datafield>
  <datafield tag="653" ind1=" " ind2="4">
    <subfield code="a">Nd-YAG </subfield>
  </datafield>
  <datafield tag="653" ind1=" " ind2="4">
    <subfield code="a">Rare-earth </subfield>
  </datafield>
  <datafield tag="700" ind1="0" ind2=" ">
    <subfield code="a">Ayman Aboelmagd , </subfield>
    <subfield code="e">Supervisor </subfield>
  </datafield>
  <datafield tag="700" ind1="0" ind2=" ">
    <subfield code="a">Gamal Ezzat Khalill , </subfield>
    <subfield code="e">Supervisor </subfield>
  </datafield>
  <datafield tag="700" ind1="0" ind2=" ">
    <subfield code="a">Mohamed Atta Abdelhaliem , </subfield>
    <subfield code="e">Supervisor </subfield>
  </datafield>
  <datafield tag="856" ind1=" " ind2=" ">
    <subfield code="u">http://172.23.153.220/th.pdf</subfield>
  </datafield>
  <datafield tag="905" ind1=" " ind2=" ">
    <subfield code="a">Nazla</subfield>
    <subfield code="e">Revisor</subfield>
  </datafield>
  <datafield tag="905" ind1=" " ind2=" ">
    <subfield code="a">Shimaa</subfield>
    <subfield code="e">Cataloger</subfield>
  </datafield>
  <datafield tag="942" ind1=" " ind2=" ">
    <subfield code="2">ddc</subfield>
    <subfield code="c">TH</subfield>
  </datafield>
  <datafield tag="999" ind1=" " ind2=" ">
    <subfield code="c">72804</subfield>
    <subfield code="d">72804</subfield>
  </datafield>
  <datafield tag="952" ind1=" " ind2=" ">
    <subfield code="2">ddc</subfield>
    <subfield code="7">0</subfield>
    <subfield code="a">CUCL</subfield>
    <subfield code="b">cl210</subfield>
    <subfield code="d">2024-02-11</subfield>
    <subfield code="o">Cai01.24.12.M.Sc.2018.Eb.E</subfield>
    <subfield code="p">01010110078677000</subfield>
    <subfield code="r">2023-09-22 00:00:00</subfield>
    <subfield code="y">TH</subfield>
  </datafield>
  <datafield tag="952" ind1=" " ind2=" ">
    <subfield code="2">ddc</subfield>
    <subfield code="7">0</subfield>
    <subfield code="a">CUCL</subfield>
    <subfield code="b">cl2u8</subfield>
    <subfield code="d">2024-02-11</subfield>
    <subfield code="o">Cai01.24.12.M.Sc.2018.Eb.E</subfield>
    <subfield code="p">01020110078677000</subfield>
    <subfield code="r">2023-09-22 00:00:00</subfield>
    <subfield code="t">78677.CD     </subfield>
    <subfield code="y">CD</subfield>
  </datafield>
</record>
